|
|
|
|
| LEADER |
01951nam a2200289 a 4500 |
| 003 |
GR-PaULI |
| 005 |
20210324112111.0 |
| 008 |
190129m20072006gr a |||| 00| 0 gre d |
| 952 |
|
|
|0 0
|1 0
|2 ddc
|3 τ. 11
|4 0
|6 949_530000000000000_ΗΠΕ
|7 0
|9 229580
|a LISA
|b LISA
|c BSC
|d 2019-01-29
|i 14341
|l 0
|o 949.53 ΗΠΕ
|p 027000001736
|r 2019-01-29 00:00:00
|t 1
|v 2019.00
|w 2019-01-29
|y BK15
|
| 952 |
|
|
|0 0
|1 0
|2 ddc
|3 τ. 9
|4 0
|6 949_530000000000000_ΗΠΕ
|7 0
|9 233817
|a LISA
|b LISA
|c BSC
|d 2019-07-10
|i 8151
|l 0
|o 949.53 ΗΠΕ
|p 025000263328
|r 2019-07-10 00:00:00
|t 1
|w 2019-07-10
|y BK15
|
| 952 |
|
|
|0 0
|1 0
|2 ddc
|3 τ. 9
|4 0
|6 949_530000000000000_ΗΠΕ
|7 0
|9 233818
|a LISA
|b LISA
|c BSC
|d 2019-07-10
|i 8150
|l 0
|o 949.53 ΗΠΕ
|p 025000263327
|r 2019-07-10 00:00:00
|t 2
|w 2019-07-10
|y BK15
|
| 999 |
|
|
|c 139391
|d 139391
|
| 040 |
|
|
|a GR-PaULI
|b gre
|c GR-PaULI
|d GR-AiPI
|e AACR2
|
| 082 |
0 |
4 |
|a 949.53
|2 23
|
| 245 |
0 |
0 |
|a Ηπειρωτικά γράμματα /
|c επιμέλεια ύλης Μιχάλης Αράπογλου, Ελένη Κουρμαντζή, Αθανάσιος Παλιούρας.
|
| 260 |
|
|
|a Ιωάννινα :
|b Εταιρία Λογοτεχνών και Συγγραφέων Ηπείρου,
|c 2006-2007.
|
| 300 |
|
|
|a τ. :
|b εικ. ;
|c 24 εκ.
|
| 500 |
|
|
|a Περιοδική έκδοση της Εταιρίας λογοτεχνών και συγγραφέων Ηπείρου.
|
| 505 |
0 |
|
|a -- τ. 9. - 799 σ. - 2006 -- τ. 11. - 797 σ. - 2007 --
|
| 651 |
|
4 |
|a Ήπειρος
|x Ιστορία
|9 172057
|
| 651 |
|
4 |
|9 162018
|a Δωδώνη (Ιωάννινα)
|x Αρχαιότητες
|
| 651 |
|
4 |
|9 173538
|a Δωδώνη (Ιωάννινα)
|x Ιστορία
|
| 700 |
1 |
|
|a Αράπογλου, Μιχάλης
|e επιμελητής.
|9 12703
|
| 700 |
1 |
|
|9 164068
|a Κουρμαντζή - Παναγιωτάκου, Ελένη.
|e επιμελήτρια.
|
| 700 |
1 |
|
|a Παλιούρας, Αθανάσιος Δ.
|d 1937-2014
|e επιμελητής.
|9 2756
|
| 942 |
|
|
|2 ddc
|c BK15
|
| 998 |
|
|
|c ΜΙΧΟΣΤΑΥΡΟΥ
|d 2019-01
|